<?xml version="1.0" encoding="UTF-8"?><marc:collection xmlns:marc="http://www.loc.gov/MARC21/slim">
  <marc:record>
    <marc:leader>00000nam  22000008a 4500</marc:leader>
    <marc:controlfield tag="001">9.821113</marc:controlfield>
    <marc:controlfield tag="003">CaOODSP</marc:controlfield>
    <marc:controlfield tag="005">20221107143358</marc:controlfield>
    <marc:controlfield tag="007">cr |||||||||||</marc:controlfield>
    <marc:controlfield tag="008">170908s2016    nkca    o    f000 0 fre d</marc:controlfield>
    <marc:datafield tag="020" ind1=" " ind2=" ">
      <marc:subfield code="a">978-0-660-05888-7</marc:subfield>
      <marc:subfield code="z">978-0-660-05889-4</marc:subfield>
    </marc:datafield>
    <marc:datafield tag="040" ind1=" " ind2=" ">
      <marc:subfield code="a">CaOODSP</marc:subfield>
      <marc:subfield code="b">fre</marc:subfield>
    </marc:datafield>
    <marc:datafield tag="043" ind1=" " ind2=" ">
      <marc:subfield code="a">n-cn---</marc:subfield>
    </marc:datafield>
    <marc:datafield tag="086" ind1="1" ind2=" ">
      <marc:subfield code="a">Fo103-3/60-2016F-PDF</marc:subfield>
      <marc:subfield code="z">Fo103-3/60-2016</marc:subfield>
    </marc:datafield>
    <marc:datafield tag="245" ind1="0" ind2="0">
      <marc:subfield code="a">Améliorer la survie et la croissance des semis de conifères dans un climat en changement </marc:subfield>
      <marc:subfield code="h">[ressource électronique].</marc:subfield>
    </marc:datafield>
    <marc:datafield tag="260" ind1=" " ind2=" ">
      <marc:subfield code="a">[Fredericton, N.-B.] : </marc:subfield>
      <marc:subfield code="b">Ressources naturelles Canada, Centre de foresterie de l’Atlantique, </marc:subfield>
      <marc:subfield code="c">c2016.</marc:subfield>
    </marc:datafield>
    <marc:datafield tag="300" ind1=" " ind2=" ">
      <marc:subfield code="a">[2] p. (pages non numérotées) : </marc:subfield>
      <marc:subfield code="b">ill. en coul.</marc:subfield>
    </marc:datafield>
    <marc:datafield tag="490" ind1="1" ind2=" ">
      <marc:subfield code="a">Note d'impact ; </marc:subfield>
      <marc:subfield code="v">n° 60</marc:subfield>
    </marc:datafield>
    <marc:datafield tag="500" ind1=" " ind2=" ">
      <marc:subfield code="a">Publ. aussi en anglais sous le titre : Improving the survival and growth of conifer seedlings in a changing climate.</marc:subfield>
    </marc:datafield>
    <marc:datafield tag="500" ind1=" " ind2=" ">
      <marc:subfield code="a">Titre de départ.</marc:subfield>
    </marc:datafield>
    <marc:datafield tag="500" ind1=" " ind2=" ">
      <marc:subfield code="a">En tête du titre : Service canadien des forêts, Centre de foresterie de l’Atlantique – une différence importante.</marc:subfield>
    </marc:datafield>
    <marc:datafield tag="500" ind1=" " ind2=" ">
      <marc:subfield code="a">Le n° de catalogue (Fo103-3/60-2016) et l’ISBN (978-0-660-05889-4) de l'édition imprimée bilingue ont été copiés dans l’édition électronique.</marc:subfield>
    </marc:datafield>
    <marc:datafield tag="520" ind1=" " ind2=" ">
      <marc:subfield code="a">« Les changements climatiques ont une incidence sur la croissance des arbres. Les températures plus chaudes observées plus tôt au printemps et se maintenant plus tardivement à l’automne prolongent la saison de la croissance. Toutefois, la fréquence et la durée des phénomènes météorologiques extrêmes, comme les sécheresses, augmentent également. Dans un climat où sévit de plus en plus un temps sec, les pépinières cherchent des solutions pour améliorer la qualité des semis en vue d’accroître leur taux de survie après la plantation. Une nouvelle approche consiste à utiliser un extrait d’algues déjà vendu sur le marché afin d’améliorer la croissance racinaire des semis de conifères. Grâce à cette croissance améliorée des racines, les semis pourraient profiter d’un avantage concurrentiel à mesure que le climat devient plus sec » -- P. [1].</marc:subfield>
    </marc:datafield>
    <marc:datafield tag="530" ind1=" " ind2=" ">
      <marc:subfield code="a">Également publ. en version imprimée bilingue.</marc:subfield>
    </marc:datafield>
    <marc:datafield tag="692" ind1="0" ind2="7">
      <marc:subfield code="2">gccst</marc:subfield>
      <marc:subfield code="a">Arbre</marc:subfield>
    </marc:datafield>
    <marc:datafield tag="692" ind1="0" ind2="7">
      <marc:subfield code="2">gccst</marc:subfield>
      <marc:subfield code="a">Changement climatique</marc:subfield>
    </marc:datafield>
    <marc:datafield tag="710" ind1="1" ind2=" ">
      <marc:subfield code="a">Canada. </marc:subfield>
      <marc:subfield code="b">Ressources naturelles Canada.</marc:subfield>
    </marc:datafield>
    <marc:datafield tag="710" ind1="2" ind2=" ">
      <marc:subfield code="a">Centre de foresterie de l'Atlantique.</marc:subfield>
    </marc:datafield>
    <marc:datafield tag="775" ind1="0" ind2="8">
      <marc:subfield code="t">Improving the survival and growth of conifer seedlings in a changing climate </marc:subfield>
      <marc:subfield code="w">(CaOODSP)9.821112</marc:subfield>
    </marc:datafield>
    <marc:datafield tag="776" ind1="0" ind2="#">
      <marc:subfield code="t">Améliorer la survie et la croissance des semis de conifères dans un climat en changement.</marc:subfield>
      <marc:subfield code="w">(CaOODSP)9.821115</marc:subfield>
    </marc:datafield>
    <marc:datafield tag="830" ind1="#" ind2="0">
      <marc:subfield code="a">Note d'impact ;</marc:subfield>
      <marc:subfield code="v">n° 60</marc:subfield>
      <marc:subfield code="w">(CaOODSP)9.501304</marc:subfield>
    </marc:datafield>
    <marc:datafield tag="856" ind1="4" ind2="0">
      <marc:subfield code="q">PDF</marc:subfield>
      <marc:subfield code="s">2.98 Mo</marc:subfield>
      <marc:subfield code="u">https://publications.gc.ca/collections/collection_2017/rncan-nrcan/Fo103-3-60-2016-fra.pdf</marc:subfield>
    </marc:datafield>
  </marc:record>
</marc:collection>
